000 00583nam a22001817a 4500
005 20251108164306.0
008 250721s1992 xx 000 0 ara d
082 1 4 _a355.02095666/دور
100 1 _aواطسن، بروس
245 1 0 _aالدروس العسكرية لحرب الخليج /
264 1 _aبيروت :
_bالمؤسسة العربية للدراسات والنشر،
_c1992.
300 _a200ص
650 1 7 _aحرب الخليج 1991
650 1 7 _aأزمة الخليج 1990
700 1 _aبرهوم، محمود
_eترجمة
942 _2ddc
_cBK
999 _c8541
_d8541